00731 2200241 4500001002100000005001700021008004100038020001800079035002400097082001000121090002200131100001500153245012400168260006400292300002900356650000900385700001900394700001800413850001600431980001400447985000600461999002200467YOGYA-0209000004510020090227030618.0 ind  a979-763-429-9 0010-020900000045100 a234.2 a234.2bPip SlDEP aPIPER, Don a90 minutes in heavenbsebuah kesaksian tentang surga dan kematiancDon Piper & Cecil Murphey ; penerjemah, Yan Iskandar aYogyakartabAndi (Penerbit buku dan majalaah rohaani)c2004 axi, 210 hlmbilusc25 cm aIman aMurphey, Cecil aIskandar, Yan aYOPDYOG (M) a20-4-2007 a1 a2004-749h CB-D.11